=LDR 00000nam 2200000 4500 =001 INLIS000000000002285 =005 20130612090632 =008 ***********************************Ind** =035 ##$$0010-061300000002285 =041 ##$$a Ind =082 ##$$a 922 =090 ##$$a 922, Wal m =100 ##$$a Waly,Muhibuddin,Tengku,H =245 ##$$a Maulana Tengku Syeikh Haji Muhammad Waly Al-Khaliday, Ulama besar Aceh dan perannya dalam pembangunan pendidikan, Prof.Dr.H.Tengku Muhibuddin Waly =260 ##$$a 1997 $b Jakarta =300 ##$$a 230 hlm, 22 cm =650 ##$$a Biografi Islam =850 ##$$a NBPNMAT